| 000 | 00000nam##2200000za#4500 |
| 001 | 9.558524 |
| 003 | CaOODSP |
| 005 | 20210624172428 |
| 007 | cr ||||||||||| |
| 008 | 150406|2000||||xxc|||||o f|0| 0 eng|d |
| 020 | |a0-662-34535-5 |
| 040 | |aCaOODSP|beng |
| 043 | |an-cn--- |
| 086 | 1 |aRH63-2/198-03-00E-PDF |
| 110 | 1 |aCanada.|bHuman Resources Development Canada. |bStrategic Policy. |
| 245 | 10|aFormative evaluation of the Canada/Manitoba Labour Market Development Agreement : |h[electronic resource]|bfinal overview report |
| 260 | |aOttawa - Ontario : |bHuman Resources Development Canada. |cMarch 2000. |
| 300 | |a96p.|btables |
| 490 | 1 |aEvaluation and data development|vSP-AH-198-03-00E |
| 590 | |a13-24-Supp|b2013-10-18 |
| 690 | 07|aLabour market|2gcpds |
| 775 | 08|tÉvaluation formative de l'Entente Canada-Manitoba sur le développement du marché du travail : |w(CaOODSP)9.591369 |
| 830 | #0|aEvaluation and data development ;|vSP-AH-198-03-00E|w(CaOODSP)9.504716 |
| 856 | 40|ahttp://publications.gc.ca|qPDF|s1.71 MB|uhttps://publications.gc.ca/collections/collection_2013/rhdcc-hrsdc/RH63-2-198-03-00-eng.pdf|ySP-AH-198-03-00E |